Doña Mercedes de Castilla / (Record no. 47283)

MARC details
000 -LEADER
campo de control de longitud fija 00539nam a2200193 i 4500
001 - NÚMERO DE CONTROL
campo de control 47283
003 - IDENTIFICADOR DE NÚMERO DE CONTROL
campo de control ES-MaACL
005 - FECHA Y HORA DE LA ÚLTIMA TRANSACCIÓN
campo de control 20230906161532.0
007 - CAMPO FIJO DE DESCRIPCIÓN FÍSICA--INFORMACIÓN GENERAL
campo de control de longitud fija t|
008 - DATOS DE LONGITUD FIJA--INFORMACIÓN GENERAL
campo de control de longitud fija 030404s1952 sp ||||1| spa d
100 1# - ENTRADA PRINCIPAL--NOMBRE DE PERSONA
Nombre de persona Cooper, James Fenimore.
9 (RLIN) 40390
245 10 - MENCIÓN DEL TÍTULO
Título Doña Mercedes de Castilla /
Mención de responsabilidad, etc. J. Fenimore Cooper.
260 ## - PUBLICACIÓN, DISTRIBUCIÓN, ETC.
Lugar de publicación, distribución, etc. Madrid :
Nombre del editor, distribuidor, etc. Siglo XX,
Fecha de publicación, distribución, etc. [1952] (
Fabricante J. Cosano)
300 ## - DESCRIPCIÓN FÍSICA
Extensión 262 p. ;
Dimensiones 19 cm.
490 1# - MENCIÓN DE SERIE
Mención de serie Capa y espada
830 0# - PUNTO DE ACCESO ADICIONAL DE SERIE-TÍTULO UNIFORME
Título uniforme Capa y espada
9 (RLIN) 182845
852 ## - LOCALIZACIÓN
Ubicación ES-MaACL
Número de control de estantería D-8290
Sublocalización o colección R.33013
Holdings
Estatus retirado Estado de pérdida Estado de daño No para préstamo Biblioteca de origen Biblioteca actual Ubicación en estantería Fecha de adquisición Fuente de adquisición Total de préstamos Signatura topográfica completa Código de barras Visto por última vez Precio de reemplazo Tipo de ítem Koha
        Biblioteca del Ateneo de Madrid Biblioteca del Ateneo de Madrid Sala Valle Inclán 17/01/2008     D-8290 901049729 23/02/2023 23/02/2023 Libro impreso